Reglamento general de radiocomunicaciones del servicio móvil marítimo
Đã lưu trong:
| Nhiều tác giả của công ty: | , |
|---|---|
| Định dạng: | Sách |
| Ngôn ngữ: | Tiếng Tây Ban Nha |
| Được phát hành: |
Valparaíso
Dirección General del Territorio Marítimo y de Marina Mercante
2002
|
| Loạt: | Público, TM-011
|
| Những chủ đề: | |
| Các nhãn: |
Thêm thẻ
Không có thẻ, Là người đầu tiên thẻ bản ghi này!
|
MARC
| LEADER | 00000nam a2200000 a 4500 | ||
|---|---|---|---|
| 001 | UCM9168 | ||
| 003 | CL-VaPUC | ||
| 008 | 030411e20020000CL |||||||||||||||||spa|d | ||
| 082 | 0 | 4 | |a 343.0994 |b ARM |2 21 |
| 110 | 2 | |a Armada de Chile |e author |9 475606 | |
| 710 | 2 | |a DIRECTEMAR |e author |9 475607 | |
| 245 | 1 | 0 | |a Reglamento general de radiocomunicaciones del servicio móvil marítimo |
| 300 | |a 49 p | ||
| 942 | |c BK | ||
| 945 | |d 20030411 00:00:00 |a cmena | ||
| 260 | |a Valparaíso |b Dirección General del Territorio Marítimo y de Marina Mercante |c 2002 | ||
| 650 | 7 | |a RADIOCOMUNICACIONES |2 CL-VaPUC |9 385953 | |
| 650 | 0 | |a Derecho marítimo |9 255301 | |
| 650 | 0 | |a Transporte marítimo |9 260127 | |
| 583 | |a last modification |c 20030411 00:00:00 |k Rodrigo Vera | ||
| 490 | 0 | |a Público, TM-011 | |
| 999 | |c 303544 |d 303542 | ||
| 952 | |0 0 |1 0 |4 0 |6 343_099400000000000_ARM_2002 |7 0 |8 CCM |9 364894 |a BIBCUR |b BIBCUR |d 2019-11-21 |i 3894568 |o 343.0994 ARM 2002 |p 3894568 |r 2025-04-22 |w 2019-11-21 |y BK |k CIM | ||